Building regulations in brief (Record no. 116113)
[ view plain ]
| 000 -LEADER | |
|---|---|
| fixed length control field | 01022cam a22002895a 4500 |
| 001 - CONTROL NUMBER | |
| control field | L159799 |
| 008 - FIXED-LENGTH DATA ELEMENTS--GENERAL INFORMATION | |
| fixed length control field | 180105s2018 xxk f 001 0 eng d |
| 020 ## - INTERNATIONAL STANDARD BOOK NUMBER | |
| International Standard Book Number | 9781138285163 |
| 035 ## - SYSTEM CONTROL NUMBER | |
| System control number | (Sirsi) u159799 |
| 041 0# - LANGUAGE CODE | |
| Language code of text/sound track or separate title | eng |
| 050 04 - LIBRARY OF CONGRESS CALL NUMBER | |
| Classification number | 343.4207869 $2 18 |
| 100 1# - MAIN ENTRY--PERSONAL NAME | |
| Personal name | Tricker, Ray |
| 245 00 - TITLE STATEMENT | |
| Title | Building regulations in brief |
| 250 ## - EDITION STATEMENT | |
| Edition statement | 9th ed. |
| 260 ## - PUBLICATION, DISTRIBUTION, ETC. | |
| Place of publication, distribution, etc. | London |
| Name of publisher, distributor, etc. | Routledge |
| Date of publication, distribution, etc. | 2018 |
| 520 ## - SUMMARY, ETC. | |
| Summary, etc. | Provides an introduction to Building Act 1984 and its associated Building Regulations and a detailed breakdown of each Approved Document. Covers planning permission and meeting the requirements of Building Regulations for both dwellings and buildings other than dwellings. Content current as at November 2017 |
| 521 ## - TARGET AUDIENCE NOTE | |
| Target audience note | Advanced |
| 590 ## - LOCAL NOTE (RLIN) | |
| Local note | KA |
| 650 24 - SUBJECT ADDED ENTRY--TOPICAL TERM | |
| Topical term or geographic name entry element | BUILDING ACT 1984 |
| 650 24 - SUBJECT ADDED ENTRY--TOPICAL TERM | |
| Topical term or geographic name entry element | BUILDING REGULATIONS 2010 |
| 650 24 - SUBJECT ADDED ENTRY--TOPICAL TERM | |
| Topical term or geographic name entry element | APPROVED DOCUMENTS |
| 651 #4 - SUBJECT ADDED ENTRY--GEOGRAPHIC NAME | |
| Geographic name | England and Wales |
| Chronological subdivision | 1543- |
| 690 ## - LOCAL SUBJECT ADDED ENTRY--TOPICAL TERM (OCLC, RLIN) | |
| Topical term or geographic name as entry element | Building regulations |
| 9 (RLIN) | 6224 |
| 700 1# - ADDED ENTRY--PERSONAL NAME | |
| Personal name | Alford, Samantha |
| 856 48 - ELECTRONIC LOCATION AND ACCESS | |
| Uniform Resource Identifier | <a href=""></a> |
| Public note | |
| 942 ## - ADDED ENTRY ELEMENTS (KOHA) | |
| Suppress in OPAC | 0 |
| Withdrawn status | Lost status | Source of classification or shelving scheme | Damaged status | Not for loan | Home library | Current library | Shelving location | Date acquired | Total Checkouts | Full call number | Barcode | Date last seen | Copy number | Price effective from | Koha item type |
|---|---|---|---|---|---|---|---|---|---|---|---|---|---|---|---|
| Dewey Decimal Classification | London | London | Books | 05/01/2018 | L159799 | 50014369 | 06/08/2019 | 1 | 06/08/2019 | Book |